000 01207nam0a22002771 4500
001 rc\3371196
005 20250609184832.0
021 _aRU
_bП2322-71
035 _a(NLR Aleph) 007447170
090 _a7177669
_c7177669
100 _a20130115d1970 |||y0rusy50 ca
101 0 _arus
102 _aRU
105 _aa z |||||
200 1 _aНОТ в грузовом хозяйстве
_e(Опыт Рост. отд-ния Сев.-Кавк. ж. д.)
_aУплотненная загрузка вагонов
_fМПС СССР. Центр. науч.-исслед. ин-т информации, техн.-экон. исследований и пропаганды ж.-д. транспорта
210 _aМосква
_cБ. и.
_d1970
215 _a18 с.
_cил.
_d20
225 1 _aГрузовая и коммерческая работа
_eСерия
_vВып. 33
300 _aВ конце 1-й статьи авт.: инж. Н.Ф. Томилко
532 1 2 _aНаучная организация труда в грузовом хозяйстве
700 1 _aТомилко
_bН.Ф.
801 0 _aRU
_bNLR
_gpsbo
801 1 _aRU
_bELAR
_2rusmarc
852 _aNLR
_jП10/2976
942 _cBOOK
980 _aNB